000 00635nam a2200145Ia 4500
008 090124s9999 xx 000 0 und d
082 _b33030
245 _a भारत भाग्यविधाता कविराज रवींद्रनाथ टागोर
250 _a1
260 _bचाफेकर सुधा
_c2004
300 _a306
630 _a भारत भाग्यविधाता कविराज रवींद्रनाथ टागोर
730 _a भारत भाग्यविधाता कविराज रवींद्रनाथ टागोर
942 _cBOOK
999 _c180510
_d180510